• 首页
  • 本馆介绍
  • 公告通知
  • 最新文献
  • 馆藏检索
  • 电子资源
  • 读者导购
  • 参考咨询
  • 我的图书馆
  • 登录
  • 详细信息显示
  • 放入我的书架
  • 预约/预借图书
  • 作者相关作品
  • 分类相关作品
  • 丛书相关作品
  • 出版社相关作品

书目信息

  • 表格格式
  • 工作单格式
  • 卡片格式
题名:
北京航空学院
    
 
作者: 北京航空学院
分册:  
出版信息: 北京   知识出版社  1983
页数: 22页
开本: 19cm
丛书名: 中国著名高等院校概况丛书
单 册:
中图分类: G649.28 , V-40
科图分类:
主题词: 教育--各级
电子资源:
ISBN:
000 00766nam2 2200277 45
001 0183011101
005 20060927170042.78
010    @dCNY0.14
091    @a7214.25
100    @a19950316d1983 em y0chiy0121 ea
101 0  @achi
102    @aCN@b110000
105    @ay z 000yy
200 10 @a北京航空学院@Abei jing hang kong xue yuan@f北京航空学院@FBei Jing Hang Kong Xue Yuan
210    @a北京@c知识出版社@d1983
215    @a22页@d19cm
225 2  @a中国著名高等院校概况丛书
410  0 @120010@a中国著名高等院校概况丛书
601 02 @a北京航空学院@x概况
606 0  @a教育@x各级
690    @aG649.28
690    @aV-40@v3
701  0 @a北京航空学院
801  0 @aCN@b上海图书馆@c20060927
801  2 @aCN@bNLC@c20060804
905    @f1@b156177@dG649.28@e46
    
    北京航空学院/北京航空学院.-北京:知识出版社,1983
    22页;19cm.-(中国著名高等院校概况丛书)
    
    
    ISBN :CNY0.14
    
●
相关链接 在E读中查询图书 在五车中查询图书 在当当中查询图书 在豆瓣中查询图书


正题名:北京航空学院     索取号:G649.28/46         预约/预借

序号 登录号 条形码 馆藏地/架位号 状态 备注
1 0156177   001007298   密集书库/ [索取号:G649.28/46] 在馆    
2 0156178   001007369   第一样本阅览室/ [索取号:G649.28/46] 在馆    
3 0422539   204225392   密集书库/ [索取号:G649.28/46] 在馆    
4 0446981   204469814   密集书库/ [索取号:G649.28/46] 在馆    
5 0446982   204469823   密集书库/ [索取号:G649.28/46] 在馆    
唐山师范学院图书馆 欢迎您!
大连网信软件有限公司© 版权所有